| 000 | 01060cam a2200277 a 4500 | ||
|---|---|---|---|
| 001 | 000008434 | ||
| 005 | 20200929161337.0 | ||
| 008 | 910130s1991 pr b 001 f spa | ||
| 020 | _a0847736482 | ||
| 040 |
_aDO-SdBNP _cDLC _dDLC |
||
| 082 |
_aPR863.44 _bR786l, 1991 |
||
| 100 | 1 |
_aRoqué, Ana, _d1853-1933. _922714 |
|
| 245 | 1 | 0 |
_aLuz y sombra / _cAna Roqué ; estudio crítico, notas y esquema biográfico por Lizabeth Paravisini-Gebert ; bibliografía por Olga Torres-Seda. |
| 250 | _a2a. ed. | ||
| 260 |
_aSan Juan, (Puerto Rico) : _bInstituto de Cultura Puertorriqueña ; _bUniversidad de Puerto Rico, _c1991. |
||
| 300 |
_a174 p. ; _c21 cm. |
||
| 490 | 1 |
_aColección Puertorriqueña _v3 |
|
| 504 | _aIncluye referencias bibliográficas (p. 162-174). | ||
| 650 | 4 |
_aNovela puertorriqueña _91185 |
|
| 650 | 4 |
_aLiteratura puertorriqueña _9250 |
|
| 700 | 1 |
_aParavisini-Gebert, Lizabeth. _922715 |
|
| 700 | 1 |
_aTorres-Seda, Olga. _922716 |
|
| 830 | 0 |
_aColección Puertorriqueña ; _v3 _922717 |
|
| 910 | _aCatalogación por copia / LC | ||
| 049 | _aBNGR | ||
| 999 |
_c8205 _d8205 |
||